000 00821nam a2200241 a 4500
001 55103
003 BD-RjUL
005 20211209080220.0
008 161114s1960 ii ||||| |||| 00| p ben d
020 _c: 50.00
035 _a(BD-RjUL) 55225
040 _aBD-RjUL
_bben
_cBD-RjUL
041 _aben
082 _223
_bDUK 1960
_a891.441
100 1 _aদত্ত, সত্যেন্দ্রনাথ
_9124170
245 1 0 _aকাব্য-সঞ্চয়ন /
_cসত্যেন্দ্রনাথ দত্ত
250 _a৯ম সং.
260 _aকলিকাতা :
_bএম সি সরকার,
_c১৯৬০
300 _a[৯] ২৩৬ পৃ. ;
_c২১ সেমি.
650 _aবাংলা কবিতা
_9135386
650 _aBengali Poetry
_9135387
942 _2ddc
_cBK
_01
999 _c55103
_d55103